Central Library OPAC University of Rajshahi

Memoirs : (Record no. 23716)

MARC details
000 -LEADER
fixed length control field 00958nam a2200277 a 4500
001 - CONTROL NUMBER
control field 23716
003 - CONTROL NUMBER IDENTIFIER
rucl marc code BD-RjuL
005 - DATE AND TIME OF LATEST TRANSACTION
control field 20211209000949.0
008 - FIXED-LENGTH DATA ELEMENTS--GENERAL INFORMATION
fixed length control field 140311t19701968enk 001 0aeng
020 ## - INTERNATIONAL STANDARD BOOK NUMBER
International Standard Book Number 0304935468
035 ## - SYSTEM CONTROL NUMBER
System control number (BD-RjUL)23781
040 ## - CATALOGING SOURCE
Original cataloging agency DLC
Transcribing agency DLC
Modifying agency m.c
-- BD-RjUL
Language of cataloging eng
041 ## - LANGUAGE CODE
Language code of text/sound track or separate title eng
082 04 - DEWEY DECIMAL CLASSIFICATION NUMBER
Classification number 923.273
Author mark and year KRM 1970
100 1# - MAIN ENTRY--PERSONAL NAME
Personal name Krock, Arthur,
Dates associated with a name 1886-1974.
9 (RLIN) 73017
245 10 - TITLE STATEMENT
Title Memoirs :
Remainder of title Intimate recollections of twelve American Presidents from Theodore Roosevelt to Richard Nixon /
Statement of responsibility, etc. Arthur Krock
260 ## - PUBLICATION, DISTRIBUTION, ETC. (IMPRINT)
Place of publication, distribution, etc. London :
Name of publisher, distributor, etc. Cassell,
Date of publication, distribution, etc. 1970.
300 ## - PHYSICAL DESCRIPTION
Pagination xii, 508 p. ;
Size 24 cm.
500 ## - GENERAL NOTE
General note New York ed. published in 1968 under title: Memoirs : sixty years on the firing line
504 ## - BIBLIOGRAPHY, ETC. NOTE
Bibliography, etc includes index.
600 10 - SUBJECT ADDED ENTRY--PERSONAL NAME
Personal name Krock, Arthur,
Dates associated with a name 1886-1974.
650 #0 - SUBJECT ADDED ENTRY--TOPICAL TERM
Topical term or geographic name as entry element Presidents
Geographic subdivision United States
9 (RLIN) 73019
651 #0 - SUBJECT ADDED ENTRY--GEOGRAPHIC NAME
Geographic name United States
General subdivision Politics and government
Chronological subdivision 20th century
9 (RLIN) 9003
942 ## - ADDED ENTRY ELEMENTS (KOHA)
Source of classification or shelving scheme Dewey Decimal Classification
Koha item type Books
Holdings
Lost status Source of classification or shelving scheme Damaged status Not for loan Collection code Permanent Location Current Location Shelving location Date acquired Source of acquisition Cost, normal purchase price Total Checkouts Full call number Date last seen Copy number Koha item type
  Dewey Decimal Classification   Added to bundle Non-fiction Central Library, University of Rajshahi Central Library, University of Rajshahi Reading Room 10/09/1973 Standard publication dhaka 62.50   923.273 KRM 1970 11/03/2014 C-1 Books